000 00585nam a2200193Ia 4500
003 IN-BaIIA
008 211028s9999 xx 000 0 eng d
040 _cIIA Library
080 _a512
_bMAR
100 _aMarcus, Marvin
_94963
245 0 _aModern university algebra
_cMarvin Marcus and Henry K. Minc
260 _aNew York
_bMacmillan
_c1966
300 _axii, 244p.
650 _aAlgebra
_91494
650 _aAstronomy and astrophysics thesaurus
650 _aLinear equations
_91638
700 _aMinc, Henry K.
_94964
942 _cBK
999 _c2774
_d2774